Multiplication Quiz For Kids - Statistics

General Stats
  • This quiz has been taken 204 times
  • The average score is 21 of 23
Answer Stats
Question: Answer: % Correct
3 x 9 27
99%
10 x 5 50
99%
2 x 7 14
97%
80 x 2 160
97%
20 x 4 80
97%
5 x 2 10
96%
4 x 4 16
96%
7 x 3 21
96%
5 x 6 30
96%
4 x 1 4
96%
9 x 5 45
96%
6 x 8 48
96%
8 x 6 48
96%
7 x 8 56
95%
2 x 2 x 2 8
89%
1 x 1 x 1 1
85%
4 x 4 x 4 64
84%
5 x 5 x 5 125
83%
5 x 2 x 3 30
83%
3 x 1 x 2 6
81%
2 x 6 x 5 60
81%
Now 3 Numbers (Type Now 3 numbers) Now 3 Numbers
81%
The End (Type The End) The End
81%
No matching quizzes found
Score Distribution
Percent of People with Each Score
Percentile by Number Answered
Your Score History
You have not taken this quiz